书目信息 |
| 题名: |
不仅是铁血
|
|
| 作者: | 王颂 编著 | |
| 分册: | ||
| 出版信息: | 北京 民主与建设出版社 2015.6 |
|
| 页数: | 216页 | |
| 开本: | 24cm | |
| 丛书名: | ||
| 单 册: | ||
| 中图分类: | K516.42 | |
| 科图分类: | ||
| 主题词: | 德意志帝国--de yi zhi di guo--历史 , 历史--li shi | |
| 电子资源: | ||
| ISBN: | 978-7-5139-0624-1 | |
| 000 | 00967nam0 22002531 450 | |
| 001 | 0120081955 | |
| 005 | 20170320081955.0 | |
| 010 | @a978-7-5139-0624-1@dCNY35.00 | |
| 100 | @a20150703d2015 em y0chiy50 ea | |
| 101 | 0 | @achi |
| 102 | @aCN@b110000 | |
| 105 | @aab z 000yy | |
| 106 | @ar | |
| 200 | 1 | @a不仅是铁血@9bu jin shi tie xue@e德意志帝国统一启示录@f王颂编著 |
| 210 | @a北京@c民主与建设出版社@d2015.6 | |
| 215 | @a216页@c图,照片,地图@d24cm | |
| 330 | @a本书从大历史的角度叙述了十九世纪的普鲁士王国如何在铁血首相俾斯麦的主导下纵横捭阖、因势利导,在欧洲列强环伺的不利条件下通过外交和军事共用的手段统一了德意志各邦,建立了德意志帝国,并从国家战略的层面分析了其中的得与失。 | |
| 517 | 1 | @a德意志帝国统一启示录@9de yi zhi di guo tong yi qi shi lu |
| 606 | 0 | @a德意志帝国@9de yi zhi di guo@x历史 |
| 606 | 0 | @a历史@9li shi |
| 690 | @aK516.42@v5 | |
| 701 | 0 | @a王颂@9wang song@4编著 |
| 801 | 0 | @aCN@bTANGWEI@c20170308 |
| 905 | @b0954888-90@dK516.42@e32@f3 | |
| 不仅是铁血:德意志帝国统一启示录/王颂编著.-北京:民主与建设出版社,2015.6 |
| 216页:图,照片,地图;24cm |
| ISBN 978-7-5139-0624-1:CNY35.00 |
| 本书从大历史的角度叙述了十九世纪的普鲁士王国如何在铁血首相俾斯麦的主导下纵横捭阖、因势利导,在欧洲列强环伺的不利条件下通过外交和军事共用的手段统一了德意志各邦,建立了德意志帝国,并从国家战略的层面分析了其中的得与失。 |
| ● |
| 相关链接 |
|
|
|
|
正题名:不仅是铁血
索取号:K516.42/32
 
预约/预借
| 序号 | 登录号 | 条形码 | 馆藏地/架位号 | 状态 | 备注 |
| 1 | 0954888 | 209548881 | 第二样本阅览室/ [索取号:K516.42/32] | 在馆 | |
| 2 | 0954889 | 209548890 | 第二借阅区/ [索取号:K516.42/32] | 在馆 | |
| 3 | 0954890 | 209548907 | 第二借阅区/ [索取号:K516.42/32] | 在馆 |